Cómo usar el Antiguo Testamento (14) : (Registro nro. 52427)
[ vista simple ]
| 000 -LÍDER | |
|---|---|
| Campo fijo de descripción fija | 01751aab a2200181 i 4500 |
| 001 - NÚMERO DE CONTROL | |
| Campo de control | 768714001 |
| 003 - IDENTIFICADOR DEL NÚMERO DE CONTROL | |
| Campo de control | CO-MdFUSB |
| 005 - FECHA Y HORA DE LA ULTIMA TRANSACCIÓN | |
| control field | 20240423172323.0 |
| 008 - ELEMENTOS DE LONGITUD FIJA -- INFORMACIÓN GENERAL | |
| Campo fijo de descripción fija -- Información general | 240423t1999 ck ||||| |||| 00| 0 spa d |
| 040 ## - FUENTE DE CATALOGACIÓN | |
| Idioma de catalogación | spa |
| Agencia que realiza la transcripción | CO-MdFUSB |
| 041 ## - CÓDIGO DE IDIOMA | |
| Código de idioma para texto/pista de sonido o título separado | spa |
| 100 1# - ASIENTO PRINCIPAL--NOMBRE PERSONAL | |
| Nombre personal | Breneman, Mervin (1930-) |
| Término relacionador | autor |
| 245 10 - TÍTULO | |
| Título | Cómo usar el Antiguo Testamento (14) : |
| Subtitulo | el plan de Dios: cómo se revela el plan de Dios en Isaías (2) |
| Mención de responsabilidad | / Mervin Breneman |
| 300 ## - DESCRIPCIÓN FÍSICA | |
| Extensión | Volumen 18, número 4 (octubre - diciembre, 1999), páginas: 36 - 37 |
| Dimensiones | ; 27 cm |
| 520 ## - NOTA DE RESUMEN, ETC. | |
| Nota de sumario, etc. | El libro de Isaías aborda el tema central de la naturaleza y el destino del pueblo de Dios, presentando en los capítulos iniciales la problemática de Israel como un pueblo orgulloso, pecador y corrompido, pero llamado a manifestar la gloria de Dios en el mundo. La solución se encuentra en reconocer la completa incapacidad para remediar esa condición y recibir la gracia de Dios como un favor no merecido. El profeta se dirige a una situación histórica específica, ofreciendo mensajes de advertencia, juicio, consejos y esperanza para guiar al pueblo hacia los planes y propósitos de Dios. Los capítulos posteriores abordan la confianza en Dios, la soberanía divina sobre Israel y las naciones, destacando la importancia de no confiar en líderes humanos o en otras naciones, sino en Dios como el actor soberano que traerá liberación y justicia.<br/>El mensaje de Isaías revela la importancia de confiar en la soberanía de Dios, dejar de depender de líderes humanos o naciones, y seguir fielmente sus mandatos para alcanzar la redención y salvación.<br/> |
| 773 0# - ASIENTO DE ITEM FUENTE | |
| Título | Iglesia y Misión |
| Biblionumber | 49402 |
| Itemnumber | 59630 |
| Parte(s) relacionada(s) / Volumen., número. (mes año), páginas | Volumen 18, número 4 (octubre - diciembre, 1999), páginas: 36 - 37 |
| Enumeración y primera página | páginas: 36 |
| 942 ## - TIPO DE MATERIAL (KOHA) | |
| Tipo de Item KOHA | Artículos de Revista |
No hay ítems disponibles.
